Cizinci a daně - 6. vydání

Saved in:
Bibliographic Details
Main Author Magdaléna, Vyškovská
Format Electronic eBook
LanguageCzech
Published Wolters Kluwer 2022
Edition1. elektronické vydání
Subjects
Online AccessDostupné v BOOKPORT po přihlášení pomocí eduID
ISBN978-80-7676-127-8
978-80-7676-126-1
Physical Description1 online zdroj (296 stran)

Cover

LEADER 00000nam a2200000 i 4500
001 bkp764432441
003 CZ-prgp
005 20221111113034.0
006 m o d
007 cr cn
008 221111s2022 xr o 000 0 cze
020 |a 978-80-7676-127-8  |c 782 Kč  |q (online ; epub) 
020 |a 978-80-7676-126-1  |c 919 Kč  |q (print) 
040 |a Grada  |b cze  |e rda 
100 1 |a Magdaléna, Vyškovská 
245 1 0 |a Cizinci a daně - 6. vydání  |c Vyškovská Magdaléna 
250 |a 1. elektronické vydání 
264 1 |b Wolters Kluwer  |c 2022 
300 |a 1 online zdroj (296 stran) 
336 |a text  |b txt  |2 rdacontent 
337 |a počítač  |b c  |2 rdamedia 
338 |a online zdroj  |b cr  |2 rdacarrier 
520 3 |a Šesté vydání ojedinělé souborně pojaté publikace přehledně popisuje nejčastější situace týkající se zdaňování cizinců v České republice, ať jsou daňovými rezidenty, či nerezidenty. Jejich situace je nejprve rozebrána z pohledu pracovního, cizineckého, občanského a obchodního práva, následně pak z pohledu domácího zákona o daních z příjmů a smluv o zamezení dvojího zdanění. Rovněž jsou popsány procesní povinnosti podle daňového řádu. Poslední kapitola se věnuje sociálnímu zabezpečení v Evropské Unii. V publikaci naleznete názorné příklady včetně podrobných výpočtů z praxe. Ke čtenáři se tak dostává komplexně popsaný postup u jednotlivých situací různých typů osob majících rozličné příjmy v České republice. Publikace je napsána podle právního stavu ke dni 31. 12. 2021 s aktualizovanými údaji pro daň z příjmů pro rok 2022. Mgr. Magdaléna Vyškovská (www.vyskovska.cz) vystudovala Právnickou fakultu Západočeské univerzity v Plzni. Od roku 1997 je daňovým poradcem zapsaným u Komory daňových poradců České republiky. Je členkou International Fiscal Association. Hovoří plynně francouzsky a anglicky. Působila jako daňový poradce v daňově-poradenských a advokátních kancelářích se zahraniční klientelou. Ve své soukromé praxi se specializuje na daňové poradenství s mezinárodními aspekty, problematiku zdaňování cizinců v České republice, českých občanů působících v zahraničí, jakož i na vysílání zaměstnanců z České republiky do zahraničí. Kromě daňového poradenství se věnuje i přednáškové činnosti zaměřené zejména na důsledky pracovní migrace, především sociální zabezpečení a zdanění. V letech 2010 a 2013 byla vyhlášena v soutěži Daňař roku největší daňovou hvězdou v kategorii mezinárodní daně. Je rovněž autorkou publikace Výklad smluv o zamezení dvojího zdanění ve světle judikatury Nejvyššího správního soudu a Conseil d'État (Francie), spoluautorkou publikace Zaměstnávání cizinců v České republice a mnoha článků v odborných českých a slovenských periodicích. 
650 0 4 |a Daně 
856 4 0 |u https://www.bookport.cz/AccountSaml/SignIn/?idp=https://shibboleth.utb.cz/idp/shibboleth&returnUrl=/kniha/cizinci-a-dane-6-vydani-11123/  |y Dostupné v BOOKPORT po přihlášení pomocí eduID